Drotár veselohra v troch dejstvách

Bibliographic Details
Main Author: Palárik, Ján, 1822-1870 (Author)
Format: Book
Language:Slovak
PhysicalDescription:96 s.
Published: Turčiansky Sv. Martin Ústredie ochotníckych divadiel 1927
Subjects:

MARC

LEADER 00000nam a2200000 a 4500
001 vtls001263747
003 SK-MaSNL
005 20260301154949.0
008 240315s1927 xo 0000d slo
015 |a SNBA1927 
035 |a SNK000214655 
040 |a SNK  |b slo  |c SNK  |e AACR2 
041 0 |a slo 
044 |a xo  |c SK 
080 |a 821.162.4-2  |2 2001 
100 1 |a Palárik, Ján,  |d 1822-1870  |4 aut  |9 116191 
245 1 |a Drotár  |b veselohra v troch dejstvách  |c Ján Palárik 
260 |a Turčiansky Sv. Martin  |b Ústredie ochotníckych divadiel  |c 1927 
300 |a 96 s. 
655 7 |a slovenské divadelné hry  |2 SNK  |9 300814 
655 7 |a divadelné komédie  |2 SNK  |9 186013 
752 |a Slovensko  |d Martin 
958 |a LX 
999 |c 798713  |d 800643 
952 |a SNK  |b SNK  |y VYP  |7 0  |p 17A0014801  |o snkSD 44080 D1  |i snkK 3807/76  |8 3  |0 0  |1 0  |4 0  |d 1996-10-18  |l 0  |r 2005-01-01 00:00:00  |w 2026-02-24 
952 |a SNK  |b SNK  |y PREZ  |7 0  |p 17A0154971  |o snkSD 44080  |i snkK 2846/74  |8 3  |0 0  |1 0  |4 0  |d 1998-08-05  |l 0  |r 2005-01-01 00:00:00  |w 2026-02-24